000 01491nam a2200277 a 4500
999 _c453579
_d453579
003 BLK
005 20240321115037.0
008 220418b bu |||||r|||| 00| | bu d
040 _aBLK
041 _aBUL
_cBUL
080 _aНаучно-технически прогрес
_b001:62.001.71
_x(075.4)
_z001:62.001.71(075.4)
139 _aНаучно-техническият прогрес и младежта
245 _aНаучно-техническият прогрес и младежта
_bУчебник : За системата на комсомолската просв.
_cАлександър Нейков и др.; състав. Александър Нейков
260 _9210040
_aСофия
_bНар. младеж
_c1982
300 _a259 с.
_bс табл.
_cс табл.
380 _a0
490 _9206517
_aВ помощ на политическата учебна година на Димитровския комсомол
500 _aДруги авт.: Н. Цонев, Т. Тенчева, Ст. Величкова, П. Петков, отбелязани на с. 8
650 7 _aНаучно-технически прогрес
_2
_9163659
653 7 _9191853
_aнаучно-технически прогрес
653 7 _9191238
_aмладежи
700 _91478
_aНейков, Александър Нейков
_eсъстав.
852 _aЦб 116004
_bЦб
942 _cKNG
_n0
_s1
944 _aCR
_c2022-04-18
_k30560
_lГеновева Генчева